| 000 | 00499nam a22001817a 4500 | ||
|---|---|---|---|
| 003 | NUST | ||
| 005 | 20260203092519.0 | ||
| 008 | 260203b ||||| |||| 00| 0 eng d | ||
| 020 | _a978-8120323766 | ||
| 082 |
_a658.4038 _bMAR |
||
| 100 |
_aMarakas, George M. _9133027 |
||
| 245 |
_aDecision Support Systems in the 21st Century / _cMarakas, George M. |
||
| 250 | _a2nd Edition | ||
| 260 |
_aUSA: _bPrentice Hall, _c2003. |
||
| 300 |
_a611 p ; _c23.4 cm |
||
| 563 | _aPapercover | ||
| 942 |
_2ddc _cBK |
||
| 999 |
_c616034 _d616034 |
||